[Event "Stuttgart-chB int"]
[Site "Ditzingen"]
[Date "2016.05.08"]
[Round "7"]
[White "Wagner, Herbert"]
[Black "Meinecke, Klaus Hinrich"]
[Result "1-0"]
[WhiteElo "1404"]
[BlackElo "1783"]
[PlyCount "87"]
[EventDate "2016.05.05"]
[EventType "swiss"]
[EventRounds "7"]
[EventCountry "GER"]
[SourceTitle "EXT 2018"]
[Source "ChessBase"]
[SourceDate "2017.10.13"]
[SourceVersion "1"]
[SourceVersionDate "2017.10.13"]
[SourceQuality "1"]

1. d4 Nf6 2. Nf3 g6 3. c4 Bg7 4. Nc3 d5 5. cxd5 Nxd5 6. Nxd5 Qxd5 7. e3 0-0 8. Be2 Nc6 9. 0-0 h6 10. b3 Bg4 11. h3 Be6 12. Bc4 Qd7 13. Bxe6 Qxe6 14. Bb2 Rad8 15. Rc1 Rd5 16. Re1 f5 17. Ba3 Rfd8 18. Qe2 Ra5 19. Qb2 Rd7 20. Rc5 Rxc5 21. Bxc5 g5 22. Qe2 b6 23. Ba3 Qd5 24. Qc4 e6 25. Rc1 Nb8 26. Qxd5 exd5 27. b4 a6 28. Nd2 Kf7 29. Nf1 Bf8 30. Rb1 a5 31. Rb3 Nc6 32. bxa5 Nxa5 33. Rc3 Bxa3 34. Rxa3 Ke6 35. Ng3 Kf6 36. Ne2 Ke6 37. Nc1 c6 38. Nd3 Nc4 39. Ra6 Rb7 40. Nb4 Na5 41. Ra8 c5 42. dxc5 bxc5 43. Ra6+ Ke5 44. Nd3+ 1-0

[Event "Stuttgart-chB int"]
[Site "Ditzingen"]
[Date "2016.05.05"]
[Round "1"]
[White "Hrsak, Marco"]
[Black "Meinecke, Klaus Hinrich"]
[Result "1-0"]
[WhiteElo "1571"]
[BlackElo "1783"]
[PlyCount "125"]
[EventDate "2016.05.05"]
[EventType "swiss"]
[EventRounds "7"]
[EventCountry "GER"]
[SourceTitle "EXT 2018"]
[Source "ChessBase"]
[SourceDate "2017.10.13"]
[SourceVersion "1"]
[SourceVersionDate "2017.10.13"]
[SourceQuality "1"]

1. e4 c5 2. Nf3 d6 3. c3 Nf6 4. Bd3 Nc6 5. h3 g6 6. Bc2 Bg7 7. 0-0 0-0 8. a3 e5 9. d3 h6 10. Be3 Qe7 11. Bb3 Be6 12. Nbd2 b5 13. Rc1 a5 14. Nh4 c4 15. dxc4 bxc4 16. Bxc4 Bxc4 17. Nxc4 Nxe4 18. Nxg6 fxg6 19. Qd5+ Qf7 20. Qxc6 d5 21. Nb6 Rad8 22. Rcd1 Rd6 23. Qb5 Rb8 24. Qxa5 d4 25. cxd4 Rdxb6 26. dxe5 Rxb2 27. Rd8+ Kh7 28. Rxb8 Rxb8 29. Bd4 Qd7 30. Rd1 Qe6 31. Qe1 Ng5 32. f4 Nf7 33. Qe4 Rc8 34. g4 Nd6 35. Qd3 Nc4 36. f5 gxf5 37. gxf5 Nxe5 38. fxe6+ Nxd3 39. Bxg7 Kxg7 40. Rxd3 Kf6 41. Kf2 Rc6 42. Re3 Ke7 43. Kg3 Rc4 44. Kf3 Ra4 45. Ke2 Rd4 46. Ke1 h5 47. Ke2 Rh4 48. Kd3 Ra4 49. Kc2 Rf4 50. Kb3 h4 51. a4 Rf5 52. Kb4 Rg5 53. Re4 Rg3 54. Rxh4 Kxe6 55. a5 Rg1 56. Kb5 Rb1+ 57. Ka6 Kd7 58. Ka7 Kc7 59. a6 Rb3 60. Rh7+ Kc8 61. h4 Rb4 62. h5 Rb5 63. h6 1-0

[Event "Stuttgart-chA int"]
[Site "Gerlingen"]
[Date "2011.06.03"]
[Round "4"]
[White "Osmanovic, Faruk"]
[Black "Meinecke, Klaus Hinrich"]
[Result "1-0"]
[WhiteElo "2093"]
[BlackElo "1806"]
[PlyCount "47"]
[EventDate "2011.06.02"]
[EventType "swiss"]
[EventRounds "7"]
[EventCountry "GER"]
[SourceTitle "EXT 2018"]
[Source "ChessBase"]
[SourceDate "2017.10.13"]
[SourceVersion "1"]
[SourceVersionDate "2017.10.13"]
[SourceQuality "1"]

1. e4 c5 2. Nf3 d6 3. d4 cxd4 4. Nxd4 Nf6 5. Nc3 Nc6 6. Bg5 Nxd4 7. Qxd4 e5 8. Qd2 h6 9. Bb5+ Bd7 10. Bxd7+ Qxd7 11. Bxf6 gxf6 12. Nd5 Bg7 13. 0-0 0-0-0 14. a4 Kb8 15. a5 f5 16. f3 f4 17. Ra3 Rhg8 18. Rfa1 Bh8 19. Rb3 Rg6 20. a6 b6 21. Nxb6 axb6 22. Rxb6+ Ka8 23. Qd5+ Ka7 24. Rb7+ 1-0

[Event "Stuttgart-chA int"]
[Site "Ditzingen"]
[Date "2009.05.21"]
[Round "1"]
[White "Meinecke, Klaus Hinrich"]
[Black "Huhn, Stefan"]
[Result "0-1"]
[WhiteElo "1853"]
[BlackElo "2090"]
[PlyCount "56"]
[EventDate "2009.05.21"]
[EventType "swiss"]
[EventRounds "7"]
[EventCountry "GER"]
[SourceTitle "EXT 2018"]
[Source "ChessBase"]
[SourceDate "2017.10.13"]
[SourceVersion "1"]
[SourceVersionDate "2017.10.13"]
[SourceQuality "1"]

1. e4 c5 2. Nf3 Nc6 3. d4 cxd4 4. Nxd4 Nf6 5. Nc3 e5 6. Ndb5 d6 7. Bg5 a6 8. Na3 b5 9. Nd5 Be7 10. Nxe7 Nxe7 11. Qd3 d5 12. Bxf6 gxf6 13. 0-0-0 Be6 14. Qf3 f5 15. Bd3 Qc8 16. Nxb5 axb5 17. Bxb5+ Bd7 18. Bxd7+ Qxd7 19. exd5 Rxa2 20. c4 0-0 21. Qg3+ Ng6 22. Qb3 Qa7 23. d6 Rb8 24. d7 Rxb3 25. d8Q+ Kg7 26. Rd6 Ne7 27. Rd2 Raxb2 28. Rxb2 Qa1+ 0-1

[Event "Stuttgart-chA int"]
[Site "Gerlingen"]
[Date "2007.05.19"]
[Round "5"]
[White "Meinecke, Klaus Hinrich"]
[Black "Rautenberg, Uwe"]
[Result "0-1"]
[WhiteElo "1885"]
[BlackElo "1972"]
[PlyCount "62"]
[EventDate "2007.05.17"]
[EventType "swiss"]
[EventRounds "7"]
[EventCountry "GER"]
[SourceTitle "EXT 2018"]
[Source "ChessBase"]
[SourceDate "2017.10.13"]
[SourceVersion "1"]
[SourceVersionDate "2017.10.13"]
[SourceQuality "1"]

1. e4 Nf6 2. Nc3 d5 3. exd5 Nxd5 4. Nxd5 Qxd5 5. Qf3 e6 6. c3 Nc6 7. d4 Qxf3 8. Nxf3 Bd6 9. Bb5 Bd7 10. 0-0 a6 11. Ba4 b5 12. Bc2 h6 13. Re1 0-0 14. Ne5 Rad8 15. Nxd7 Rxd7 16. f4 Ne7 17. Bb3 c5 18. Rxe6 c4 19. Bxc4 bxc4 20. Rxd6 Rxd6 21. b3 Rc8 22. Ba3 Re6 23. Bc5 cxb3 24. axb3 Nd5 25. f5 Rf6 26. c4 Ne3 27. Be7 Rb6 28. d5 Nxf5 29. d6 Nxe7 30. dxe7 Re8 31. Re1 Rxb3 0-1

[Event "Stuttgart-chA int"]
[Site "Gerlingen"]
[Date "2007.05.18"]
[Round "3"]
[White "Arounopoulos, Stephan"]
[Black "Meinecke, Klaus Hinrich"]
[Result "1-0"]
[WhiteElo "2027"]
[BlackElo "1885"]
[PlyCount "107"]
[EventDate "2007.05.17"]
[EventType "swiss"]
[EventRounds "7"]
[EventCountry "GER"]
[SourceTitle "EXT 2018"]
[Source "ChessBase"]
[SourceDate "2017.10.13"]
[SourceVersion "1"]
[SourceVersionDate "2017.10.13"]
[SourceQuality "1"]

1. d4 Nf6 2. c4 e6 3. Nf3 b6 4. a3 d5 5. Nc3 h6 6. cxd5 exd5 7. g3 Be7 8. Bg2 Bb7 9. 0-0 0-0 10. b4 a6 11. Qb3 Nc6 12. Rd1 Na7 13. Bf4 Qd7 14. Ne5 Qe6 15. a4 c6 16. Rab1 Rfd8 17. b5 axb5 18. axb5 Nxb5 19. Nxb5 cxb5 20. Qxb5 Ra6 21. Rdc1 g5 22. Be3 Rda8 23. Nc6 Bd6 24. Nb4 Bxb4 25. Qxb4 Bc6 26. Qc3 b5 27. Rc2 Ne8 28. Qc5 Nd6 29. Bh3 f5 30. Bg2 Nc4 31. Rc3 Ra1 32. Rxa1 Rxa1+ 33. Bf1 Ra4 34. Kg2 b4 35. Rb3 Qd6 36. Qxd6 Nxd6 37. Bd2 Ra3 38. Rxb4 Ne4 39. Be3 Ba8 40. Rb8+ Kf7 41. Rd8 Nf6 42. h4 Ng4 43. Bd2 Ra4 44. hxg5 Rxd4 45. gxh6 Kg6 46. Bf4 Ra4 47. f3 Nf6 48. Rd6 Kf7 49. Be5 Nh7 50. Rd7+ Kg6 51. Rd6+ Kf7 52. Kf2 Ra7 53. Bh3 Re7 54. f4 1-0

[Event "Stuttgart-chA int"]
[Site "Ditzingen"]
[Date "2005.05.07"]
[Round "6"]
[White "Meinecke, Klaus Hinrich"]
[Black "May, Michael"]
[Result "1-0"]
[WhiteElo "1897"]
[BlackElo "1692"]
[PlyCount "73"]
[EventDate "2005.05.05"]
[EventType "swiss"]
[EventRounds "7"]
[EventCountry "GER"]
[SourceTitle "EXT 2018"]
[Source "ChessBase"]
[SourceDate "2017.10.13"]
[SourceVersion "1"]
[SourceVersionDate "2017.10.13"]
[SourceQuality "1"]

1. e4 e6 2. d4 d5 3. Nc3 Bb4 4. e5 c5 5. a3 cxd4 6. Qxd4 Nc6 7. Bb5 Bxc3+ 8. Qxc3 Nge7 9. Be3 0-0 10. Ne2 Bd7 11. Bxc6 Bxc6 12. Bc5 Re8 13. Nd4 Rc8 14. Qe3 b6 15. Bd6 Ng6 16. 0-0 Bb7 17. f4 Nh4 18. Qd3 Rc4 19. c3 Qc8 20. g4 Ng6 21. Rad1 Ba6 22. Rf2 Ne7 23. Qg3 f5 24. Qh4 Qd7 25. Qg5 g6 26. Rd3 Nc6 27. Nxc6 Rxc6 28. Rg3 Rc4 29. gxf5 exf5 30. h4 Qd8 31. Qh6 Qd7 32. Rfg2 Qf7 33. Rxg6+ hxg6 34. Rxg6+ Qxg6+ 35. Qxg6+ Kh8 36. e6 Rg8 37. Be5+ 1-0

[Event "Stuttgart-chA int"]
[Site "Ditzingen"]
[Date "2005.05.07"]
[Round "5"]
[White "Weise, Martin"]
[Black "Meinecke, Klaus Hinrich"]
[Result "1-0"]
[WhiteElo "2180"]
[BlackElo "1897"]
[PlyCount "93"]
[EventDate "2005.05.05"]
[EventType "swiss"]
[EventRounds "7"]
[EventCountry "GER"]
[SourceTitle "EXT 2018"]
[Source "ChessBase"]
[SourceDate "2017.10.13"]
[SourceVersion "1"]
[SourceVersionDate "2017.10.13"]
[SourceQuality "1"]

1. e4 c5 2. c3 Nf6 3. e5 Nd5 4. Nf3 Qa5 5. Na3 a6 6. Nc4 Qc7 7. Qe2 e6 8. a4 Nb6 9. Nxb6 Qxb6 10. Qe4 d5 11. Qf4 Be7 12. Qg3 Kf8 13. Be2 Nc6 14. 0-0 Na5 15. Qf4 Nb3 16. Rb1 Nxc1 17. Rfxc1 Bd7 18. d4 c4 19. Bd1 h6 20. b3 cxb3 21. Rxb3 Qc7 22. Ra1 g5 23. Qc1 g4 24. Nd2 h5 25. Nf1 f5 26. exf6 Bxf6 27. Ne3 Rc8 28. Qb1 b5 29. Be2 Rb8 30. axb5 axb5 31. g3 Ke7 32. Ng2 Kf7 33. Nf4 Rh6 34. Rba3 Rb7 35. Nd3 Be7 36. Rb3 Bd6 37. Nb4 Bxb4 38. cxb4 Ra7 39. Qc1 Rg6 40. Rc3 Kf6 41. Rxa7 Qxa7 42. Qf4+ Ke7 43. Rc7 Qa1+ 44. Kg2 Kd8 45. Qd6 Rg7 46. Bxb5 Qxd4 47. Rxd7+ 1-0

[Event "Stuttgart-chA"]
[Site "Stuttgart"]
[Date "2004.??.??"]
[Round "?"]
[White "Meinecke, Klaus Hinrich"]
[Black "Kabisch, Thilo"]
[Result "0-1"]
[WhiteElo "1690"]
[BlackElo "2275"]
[PlyCount "66"]
[EventDate "2004.05.20"]
[EventType "swiss"]
[EventRounds "7"]
[EventCountry "GER"]
[SourceTitle "EXT 2007"]
[Source "ChessBase"]
[SourceDate "2006.11.23"]
[SourceVersion "1"]
[SourceVersionDate "2006.11.23"]
[SourceQuality "1"]

1. e4 e5 2. Nf3 Nc6 3. Bb5 a6 4. Ba4 Nf6 5. 0-0 b5 6. Bb3 Be7 7. Re1 0-0 8. c3 h6 9. d4 d6 10. h3 Re8 11. Nbd2 Bf8 12. a4 Bd7 13. Qe2 Na5 14. Bc2 c5 15. axb5 axb5 16. d5 Qc7 17. b3 c4 18. Bb2 cxb3 19. Bxb3 Nh5 20. Kh2 Nf4 21. Qf1 Nxb3 22. Nxb3 Ra4 23. Ng1 Qc4 24. Qxc4 bxc4 25. Nc1 Rb8 26. Rb1 f5 27. f3 Be7 28. g3 Nd3 29. Nxd3 cxd3 30. Ba1 Ra2+ 31. Kh1 Rxb1 32. Rxb1 Ba4 33. exf5 d2 0-1

[Event "Stuttgart-chA"]
[Site "Stuttgart"]
[Date "2004.??.??"]
[Round "?"]
[White "Nowikow, Siegfried"]
[Black "Meinecke, Klaus Hinrich"]
[Result "0-1"]
[WhiteElo "2050"]
[BlackElo "1690"]
[PlyCount "77"]
[EventDate "2004.05.20"]
[EventType "swiss"]
[EventRounds "7"]
[EventCountry "GER"]
[SourceTitle "EXT 2007"]
[Source "ChessBase"]
[SourceDate "2006.11.23"]
[SourceVersion "1"]
[SourceVersionDate "2006.11.23"]
[SourceQuality "1"]

1. d4 Nf6 2. c4 e6 3. Nc3 Bb4 4. f3 d5 5. Qa4+ Nc6 6. e3 Nh5 7. Nge2 Bd7 8. Qc2 dxc4 9. Bd2 a6 10. a3 Be7 11. Ne4 b5 12. g3 0-0 13. Bg2 g6 14. 0-0 Nb8 15. Nf2 c5 16. dxc5 Bxc5 17. Rfd1 Qb6 18. Qe4 Bc6 19. Qe5 Nd7 20. Qc3 Nhf6 21. Nd4 Bb7 22. Bc1 Nd5 23. Qd2 Rfd8 24. Ne4 Be7 25. Nf2 e5 26. Nc2 Nc5 27. Qe2 Nb3 28. Rb1 Bc5 29. e4 Nxc1 30. Rdxc1 Ne3 31. b4 cxb3 32. Rxb3 Nxc2 33. Rxc2 Bd4 34. Bf1 Rac8 35. Rd2 Rc1 36. Kg2 Rdc8 37. Rbd3 R8c7 38. f4 Bxf2 39. Qxf2 0-1